|
|
|
|
| LEADER |
01734cas a2200241 a 4500 |
| 001 |
AALejournalIMF016554 |
| 008 |
230101c9999 xx r poo 0 0eng d |
| 020 |
|
|
|c 5.00 USD
|
| 020 |
|
|
|z 9781513509310
|
| 022 |
|
|
|a 1934-7685
|
| 040 |
|
|
|a BD-DhAAL
|c BD-DhAAL
|
| 110 |
2 |
|
|a International Monetary Fund.
|b European Dept.
|
| 245 |
1 |
0 |
|a Slovak Republic :
|b Selected Issues.
|
| 264 |
|
1 |
|a Washington, D.C. :
|b International Monetary Fund,
|c 2016.
|
| 300 |
|
|
|a 1 online resource (52 pages)
|
| 490 |
1 |
|
|a IMF Staff Country Reports
|
| 500 |
|
|
|a <strong>Off-Campus Access:</strong> No User ID or Password Required
|
| 500 |
|
|
|a <strong>On-Campus Access:</strong> No User ID or Password Required
|
| 506 |
|
|
|a Electronic access restricted to authorized BRAC University faculty, staff and students
|
| 520 |
3 |
|
|a This Selected Issues paper examines the need of reformation of the Fiscal Responsibility Act (FRA) in the Slovakia. It is suggested that in light of experience gathered so far, FRA modifications should be considered. Clear guidelines regarding a cost-effective cash management strategy should be established. Debt brake level should be kept at the current limits, rather than lowered over time, to avoid unduly eroding fiscal space. Policies should aim to maintain a safe margin below debt thresholds to allow fiscal policy to play a counter-cyclical role in the future during downturns. Adjustment measures should be more gradual and the bias toward spending cuts should be lessened or removed.
|
| 538 |
|
|
|a Mode of access: Internet
|
| 830 |
|
0 |
|a IMF Staff Country Reports; Country Report ;
|v No. 2016/014
|
| 856 |
4 |
0 |
|z Full text available on IMF
|u http://elibrary.imf.org/view/journals/002/2016/014/002.2016.issue-014-en.xml
|z IMF e-Library
|